Metsolat-sarjan jaksot - Statistics

Yleistilastot
  • Tätä visaa on pelattu 25 kertaa
  • Keskiarvotulos 16 / 41
Vastaustilastot
Ensimmäinen tuotantokausi % Oikein
22. Joulu Leppävaarassa
90%
1. Tie kotiin
85%
11. Urjan linna
85%
14. Juhannushäät
75%
41. Muistojen joulu
75%
40. ...Rastas ja metso täälläkin soi
60%
5. Perunkirjoitus
55%
38. Aika pysähtyy
50%
19. Avajaiset
45%
30. Karjalan kunnailla
45%
12. Lasi shampanjaa
45%
16. Lehmänkauppoja
45%
2. Perhe koolla
45%
13. Perjantai 13. päivä
45%
9. Sydänkipuja
45%
15. Tulevaisuus vaakalaudalla
45%
37. Kohtalon käänteitä
40%
36. Yllätysjuhlat Leppävaarassa
40%
18. Ennen lumen tuloa
35%
23. Jälleentapaamisia
35%
20. Pelipanoksena tulevaisuus
35%
21 Sovintoja ja ratkaisuja
35%
4. Uusille teille
35%
7. Yhtiökauppoja
35%
6. Hiekkaa rattaissa
30%
31. Katkera sarka
30%
10. Luonnon puolesta
30%
35. Raha ratkaisee
30%
32. Tummat pilvet
30%
8. Voittajia ja häviäjiä
30%
24. Arkea ja juhlaa
25%
33. Muutoksen aika
25%
34. Riskirajoilla
25%
3. Tulevaisuuden suunnitelmia
25%
27. Uudet tuulet
25%
17. Vanhan loppu – uuden alku
25%
25. Eilisen varjossa
20%
39. Totuuden hetki
20%
29. Kohtalon hetket
15%
26. Menettämisen pelko
15%
28. Minkä taakseen jättää...
10%
Ehtoja vastaavia visoja ei löytynyt
Tulosjakauma
Jokaisen tuloksen saaneiden osuus
Persentiili vastausten määrän mukaan
Tuloshistoriasi
Et ole pelannut tätä visaa